<?xml version="1.0" encoding="UTF-8"?>
<resp>
  <nextPage>https://data.bn.org.pl/api/networks/bibs.marcxml?marc=001+b0000600001374&amp;sinceId=600001375</nextPage>
  <collection>
    <record xmlns='http://www.loc.gov/MARC21/slim'><leader>02697nam a2200757 i 4500</leader><controlfield tag='001'>b0000600001374</controlfield><controlfield tag='005'>20260314081826.3</controlfield><controlfield tag='008'>220409s2021    pl a         |000 f pol c</controlfield><controlfield tag='009'>9912835407905606</controlfield><datafield ind1=' ' ind2=' ' tag='015'><subfield code='a'>UWD 2023/37890</subfield></datafield><datafield ind1=' ' ind2=' ' tag='020'><subfield code='a'>9788396264121</subfield><subfield code='q'>(oprawa miękka) :</subfield><subfield code='c'>zł 49</subfield></datafield><datafield ind1=' ' ind2=' ' tag='035'><subfield code='a'>PAR_2PAR_2_15524-48omnis_par</subfield></datafield><datafield ind1=' ' ind2=' ' tag='035'><subfield code='a'>PAR_2_15524</subfield></datafield><datafield ind1=' ' ind2=' ' tag='035'><subfield code='a'>(PL-WaBN)b10161685-48omnis_nlop</subfield></datafield><datafield ind1=' ' ind2=' ' tag='035'><subfield code='a'>(PL)b0000600001374</subfield></datafield><datafield ind1=' ' ind2=' ' tag='040'><subfield code='a'>WA N</subfield><subfield code='c'>WA N</subfield><subfield code='d'>WA N</subfield></datafield><datafield ind1=' ' ind2=' ' tag='046'><subfield code='k'>2021</subfield></datafield><datafield ind1=' ' ind2=' ' tag='080'><subfield code='a'>821.162.1-3</subfield></datafield><datafield ind1=' ' ind2=' ' tag='084'><subfield code='a'>07</subfield></datafield><datafield ind1='1' ind2=' ' tag='100'><subfield code='a'>Chodacki, Andrzej</subfield><subfield code='d'>(1970- )</subfield><subfield code='e'>Autor</subfield></datafield><datafield ind1='1' ind2='0' tag='245'><subfield code='a'>Wyśpiewani /</subfield><subfield code='c'>Andrzej Chodacki ; ilustracje Agata Okulus.</subfield></datafield><datafield ind1=' ' ind2=' ' tag='260'><subfield code='a'>[Kraków] :</subfield><subfield code='b'>Witold Gadowski,</subfield><subfield code='c'>copyright 2021.</subfield></datafield><datafield ind1=' ' ind2=' ' tag='300'><subfield code='a'>317 stron :</subfield><subfield code='b'>ilustracje ;</subfield><subfield code='c'>20 cm.</subfield></datafield><datafield ind1=' ' ind2=' ' tag='336'><subfield code='a'>Tekst</subfield><subfield code='b'>txt</subfield><subfield code='2'>rdacontent</subfield></datafield><datafield ind1=' ' ind2=' ' tag='337'><subfield code='a'>Bez urządzenia pośredniczącego</subfield><subfield code='b'>n</subfield><subfield code='2'>rdamedia</subfield></datafield><datafield ind1=' ' ind2=' ' tag='338'><subfield code='a'>Wolumin</subfield><subfield code='b'>nc</subfield><subfield code='2'>rdacarrier</subfield></datafield><datafield ind1=' ' ind2=' ' tag='380'><subfield code='a'>Książki</subfield></datafield><datafield ind1=' ' ind2=' ' tag='380'><subfield code='a'>Proza</subfield></datafield><datafield ind1=' ' ind2=' ' tag='386'><subfield code='m'>Przynależność kulturowa</subfield><subfield code='a'>Literatura polska</subfield></datafield><datafield ind1='1' ind2=' ' tag='388'><subfield code='a'>2001-</subfield></datafield><datafield ind1=' ' ind2=' ' tag='500'><subfield code='a'>Miejsce wydania na podstawie serwisu e-ISBN.</subfield></datafield><datafield ind1=' ' ind2='7' tag='650'><subfield code='a'>Koniec świata</subfield><subfield code='2'>DBN</subfield></datafield><datafield ind1=' ' ind2='7' tag='650'><subfield code='a'>Mitologia skandynawska</subfield><subfield code='2'>DBN</subfield></datafield><datafield ind1=' ' ind2='7' tag='655'><subfield code='a'>Fantasy</subfield><subfield code='2'>DBN</subfield></datafield><datafield ind1=' ' ind2='7' tag='655'><subfield code='a'>Powieść</subfield><subfield code='2'>DBN</subfield></datafield><datafield ind1='1' ind2=' ' tag='700'><subfield code='a'>Okulus, Agata</subfield><subfield code='e'>Ilustracje</subfield></datafield><datafield ind1='2' ind2=' ' tag='710'><subfield code='a'>Witold Gadowski Think Force</subfield><subfield code='e'>Wydawca</subfield><subfield code='4'>pbl</subfield></datafield><datafield ind1=' ' ind2=' ' tag='852'><subfield code='b'>48OMNIS_UOW</subfield><subfield code='8'>991014813949708831</subfield></datafield><datafield ind1=' ' ind2=' ' tag='852'><subfield code='b'>48OMNIS_NLOP</subfield><subfield code='8'>991053091868405066</subfield></datafield><datafield ind1=' ' ind2=' ' tag='852'><subfield code='b'>48OMNIS_ZAM</subfield><subfield code='8'>991003966326207766</subfield></datafield><datafield ind1=' ' ind2=' ' tag='852'><subfield code='8'>224792950007912</subfield><subfield code='j'>1</subfield><subfield code='b'>PAR_2_1</subfield><subfield code='p'>301000248561</subfield><subfield code='c'>GBP</subfield></datafield><datafield ind1=' ' ind2=' ' tag='852'><subfield code='8'>221074581820008831</subfield><subfield code='j'>1</subfield><subfield code='h'>PG7203.H6827 W97 2021</subfield><subfield code='b'>5100-BUW</subfield><subfield code='p'>1001389677</subfield><subfield code='c'>10002</subfield><subfield code='z'>PG7203.H6827 W97 2021 egz.1; ## rok wyd. : 2021.</subfield></datafield><datafield ind1=' ' ind2=' ' tag='852'><subfield code='8'>22724742710005066</subfield><subfield code='j'>1</subfield><subfield code='h'>3.657.860</subfield><subfield code='b'>BN_PL</subfield><subfield code='p'>30001034266371</subfield><subfield code='c'>bk8</subfield></datafield><datafield ind1=' ' ind2=' ' tag='852'><subfield code='8'>2215613210008003</subfield><subfield code='j'>1</subfield><subfield code='b'>LOW_2_1</subfield><subfield code='p'>LOW_2_124374</subfield><subfield code='c'>LOW_2_1_1</subfield></datafield><datafield ind1=' ' ind2=' ' tag='852'><subfield code='b'>48OMNIS_LOW</subfield><subfield code='8'>991000720972908003</subfield></datafield><datafield ind1=' ' ind2=' ' tag='852'><subfield code='8'>227702590007912</subfield><subfield code='j'>1</subfield><subfield code='b'>PAR_3_1</subfield><subfield code='p'>120000240623</subfield><subfield code='c'>GBP_KS</subfield></datafield><datafield ind1=' ' ind2=' ' tag='852'><subfield code='b'>48OMNIS_PAR</subfield><subfield code='8'>991000013729707912</subfield></datafield><datafield ind1=' ' ind2=' ' tag='852'><subfield code='8'>22724742740005066</subfield><subfield code='j'>1</subfield><subfield code='h'>3.268.593 A</subfield><subfield code='b'>BN_PL</subfield><subfield code='p'>30001034266357</subfield><subfield code='c'>bk1</subfield></datafield><datafield ind1=' ' ind2=' ' tag='852'><subfield code='8'>2235338370007766</subfield><subfield code='j'>1</subfield><subfield code='b'>ZAM_3_G</subfield><subfield code='p'>ZAM_3_034002</subfield><subfield code='c'>G</subfield></datafield><datafield ind1=' ' ind2=' ' tag='852'><subfield code='b'>48OMNIS_NETWORK</subfield><subfield code='8'>9912835407905606</subfield></datafield><datafield ind1=' ' ind2=' ' tag='920'><subfield code='a'>978-83-962641-2-1 (oprawa miękka) : zł 49</subfield></datafield></record>
  </collection>
</resp>
